[Event "MCR druzstev mladsich zaku 2016"]
[Site "Hradec Kralove"]
[Date "2016.06.12"]
[Round "4.11"]
[White "Tajovsky (SK Kurim A), Simon"]
[Black "Brozka (Polabiny A), Karel"]
[Result "0-1"]
[BlackElo "1485"]
[WhiteElo "1370"]
[LiveChessVersion "1.4.8"]

1. d4 {[%clk 0:25:18]} e6 {[%clk 0:25:17]} 2. c4 {[%clk 0:25:19]} d5
{[%clk 0:25:21]} 3. Nc3 {[%clk 0:25:24]} Nf6 {[%clk 0:25:18]} 4. Nf3
{[%clk 0:25:27]} Nc6 {[%clk 0:24:49]} 5. Bf4 {[%clk 0:25:28]} Bd6
{[%clk 0:24:46]} 6. Ne5 {[%clk 0:25:09]} Bxe5 {[%clk 0:23:30]} 7. dxe5
{[%clk 0:24:49]} Ng4 {[%clk 0:23:06]} 8. cxd5 {[%clk 0:23:46]} exd5
{[%clk 0:23:11]} 9. Qxd5 {[%clk 0:23:09]} Be6 {[%clk 0:22:46]} 10. Qc5
{[%clk 0:22:32]} Qd7 {[%clk 0:22:10]} 11. Rd1 {[%clk 0:21:36]} Qe7
{[%clk 0:21:37]} 12. Qb5 {[%clk 0:21:15]} Rb8 {[%clk 0:21:11]} 13. h3
{[%clk 0:20:32]} a6 {[%clk 0:21:09]} 14. Qa4 {[%clk 0:17:56]} Ngxe5
{[%clk 0:20:57]} 15. e3 {[%clk 0:17:08]} O-O {[%clk 0:20:32]} 16. Be2
{[%clk 0:15:54]} Ng6 {[%clk 0:20:00]} 17. Bg3 {[%clk 0:15:44]} Rbd8
{[%clk 0:18:49]} 18. O-O {[%clk 0:15:36]} Rfe8 {[%clk 0:17:32]} 19. Bf3
{[%clk 0:14:43]} Nge5 {[%clk 0:16:57]} 20. Bxe5 {[%clk 0:12:17]} Nxe5
{[%clk 0:16:56]} 21. Bxb7 {[%clk 0:11:49]} Rb8 {[%clk 0:16:42]} 22. Qxa6
{[%clk 0:11:32]} Bc4 {[%clk 0:16:37]} 23. Qa7 {[%clk 0:10:59]} Bxf1
{[%clk 0:16:26]} 24. Rxf1 {[%clk 0:11:07]} c6 {[%clk 0:16:08]} 25. f4
{[%clk 0:10:08]} Rxb7 {[%clk 0:15:47]} 26. Qd4 {[%clk 0:10:04]} Nd7
{[%clk 0:15:15]} 27. Rf3 {[%clk 0:09:54]} Qf6 {[%clk 0:14:34]} 28. Qd2
{[%clk 0:09:51]} Nc5 {[%clk 0:14:10]} 29. g4 {[%clk 0:09:29]} Ne4
{[%clk 0:13:59]} 30. Nxe4 {[%clk 0:09:18]} Rxe4 {[%clk 0:14:07]} 31. Qd3
{[%clk 0:09:26]} Re8 {[%clk 0:13:50]} 32. g5 {[%clk 0:09:29]} Qxb2
{[%clk 0:13:45]} 33. h4 {[%clk 0:09:27]} Qb1+ {[%clk 0:13:47]} 34. Qxb1
{[%clk 0:09:35]} Rxb1+ {[%clk 0:13:55]} 35. Kg2 {[%clk 0:09:44]} Rb2+
{[%clk 0:13:57]} 36. Kg3 {[%clk 0:09:52]} Rxa2 {[%clk 0:14:03]} 37. e4
{[%clk 0:10:00]} Re2 {[%clk 0:13:40]} 38. e5 {[%clk 0:10:07]} c5 {[%clk 0:13:43]}
39. Rc3 {[%clk 0:10:16]} Rc8 {[%clk 0:13:46]} 40. Kg4 {[%clk 0:10:22]} c4
{[%clk 0:13:46]} 41. h5 {[%clk 0:10:28]} Rd2 {[%clk 0:13:42]} 42. Kf5
{[%clk 0:10:31]} Rd3 {[%clk 0:13:48]} 43. Rc2 {[%clk 0:10:40]} c3
{[%clk 0:13:51]} 44. h6 {[%clk 0:10:48]} Rd2 {[%clk 0:13:43]} 45. Rc1
{[%clk 0:10:56]} c2 {[%clk 0:13:29]} 46. Rf1 {[%clk 0:10:55]} c1=Q
{[%clk 0:13:31]} 47. Rxc1 {[%clk 0:11:04]} Rxc1 {[%clk 0:13:38]} 48. hxg7
{[%clk 0:11:12]} Kxg7 {[%clk 0:13:44]} 49. e6 {[%clk 0:11:17]} fxe6+
{[%clk 0:13:45]} 50. Kxe6 {[%clk 0:11:26]} Re1+ {[%clk 0:13:49]} 0-1

[Event "MCR druzstev mladsich zaku 2016"]
[Site "Hradec Kralove"]
[Date "2016.06.12"]
[Round "4.12"]
[White "Sulcova (Polabiny A), Tereza"]
[Black "Fikejs (SK Kurim A), Tomas"]
[Result "1-0"]
[BlackElo "1337"]
[WhiteElo "1178"]
[LiveChessVersion "1.4.8"]

1. e4 {[%clk 0:25:15]} c5 {[%clk 0:25:19]} 2. Nf3 {[%clk 0:25:15]} d6
{[%clk 0:25:28]} 3. d4 {[%clk 0:25:16]} cxd4 {[%clk 0:25:35]} 4. Nxd4
{[%clk 0:25:22]} g6 {[%clk 0:25:39]} 5. Nc3 {[%clk 0:25:00]} Bg7 {[%clk 0:25:47]}
6. Be3 {[%clk 0:25:02]} Nf6 {[%clk 0:25:37]} 7. Be2 {[%clk 0:24:57]} Bd7
{[%clk 0:25:13]} 8. Qd2 {[%clk 0:24:49]} Nc6 {[%clk 0:25:12]} 9. Nf3
{[%clk 0:20:45]} Qc7 {[%clk 0:24:31]} 10. O-O {[%clk 0:20:34]} O-O
{[%clk 0:24:24]} 11. Bh6 {[%clk 0:20:24]} Rad8 {[%clk 0:22:59]} 12. Bxg7
{[%clk 0:19:56]} Kxg7 {[%clk 0:23:07]} 13. Qg5 {[%clk 0:18:19]} h6
{[%clk 0:23:02]} 14. Qg3 {[%clk 0:18:22]} Rh8 {[%clk 0:22:31]} 15. Nh4
{[%clk 0:18:19]} Rdg8 {[%clk 0:22:11]} 16. Nf5+ {[%clk 0:17:44]} Bxf5
{[%clk 0:22:14]} 17. exf5 {[%clk 0:17:51]} Kf8 {[%clk 0:22:22]} 18. Qf3
{[%clk 0:16:51]} Nd4 {[%clk 0:22:13]} 19. Qd3 {[%clk 0:16:12]} Nxf5
{[%clk 0:21:25]} 20. Bf3 {[%clk 0:15:13]} Ng7 {[%clk 0:20:35]} 21. Nb5
{[%clk 0:14:39]} Qb6 {[%clk 0:19:56]} 22. Qc4 {[%clk 0:14:14]} Qc5
{[%clk 0:19:15]} 23. Qxc5 {[%clk 0:13:55]} dxc5 {[%clk 0:19:23]} 24. Bxb7
{[%clk 0:14:02]} Ne6 {[%clk 0:19:17]} 25. Nxa7 {[%clk 0:14:00]} g5
{[%clk 0:19:23]} 26. a4 {[%clk 0:14:05]} g4 {[%clk 0:19:26]} 27. g3
{[%clk 0:14:07]} h5 {[%clk 0:19:32]} 28. a5 {[%clk 0:14:07]} h4 {[%clk 0:19:41]}
29. gxh4 Rxh4 {[%clk 0:19:49]} 30. Nc6 {[%clk 0:14:08]} Rgh8 {[%clk 0:19:20]} 31.
Ne5 {[%clk 0:13:44]} Rxh2 {[%clk 0:19:13]} 32. a6 {[%clk 0:13:51]} Nf4
{[%clk 0:19:17]} 33. Rfd1 {[%clk 0:13:06]} Ne2+ {[%clk 0:18:51]} 34. Kf1
{[%clk 0:13:06]} Nf4 {[%clk 0:18:58]} 35. Rd8+ {[%clk 0:13:12]} Kg7
{[%clk 0:19:06]} 36. Rxh8 {[%clk 0:13:21]} Rxh8 {[%clk 0:19:13]} 37. a7
{[%clk 0:13:28]} Rh1+ {[%clk 0:19:22]} 38. Bxh1 {[%clk 0:13:34]} N6h5
{[%clk 0:19:29]} 39. a8=Q {[%clk 0:13:24]} g3 {[%clk 0:19:38]} 40. fxg3
{[%clk 0:13:11]} Nxg3+ {[%clk 0:19:45]} 41. Kg1 {[%clk 0:13:12]} Nge2+
{[%clk 0:19:51]} 42. Kf2 {[%clk 0:13:14]} Nd4 {[%clk 0:19:50]} 43. Rg1+
{[%clk 0:13:17]} Kf6 {[%clk 0:19:58]} 44. Nd7+ {[%clk 0:13:19]} Ke6
{[%clk 0:20:05]} 45. Re1+ {[%clk 0:13:05]} Kxd7 {[%clk 0:20:12]} 46. Qb7+
{[%clk 0:13:11]} Kd6 {[%clk 0:20:19]} 47. Qxe7# {[%clk 0:13:16]} 1-0

[Event "MCR druzstev mladsich zaku 2016"]
[Site "Hradec Kralove"]
[Date "2016.06.12"]
[Round "4.13"]
[White "Jun (Polabiny B), Rudolf"]
[Black "Stalmach (BSS F-M \"B\"), Richard"]
[Result "1/2-1/2"]
[BlackElo "1843"]
[WhiteElo "1703"]
[LiveChessVersion "1.4.8"]

1. e4 {[%clk 0:25:13]} e6 {[%clk 0:25:19]} 2. d4 {[%clk 0:25:19]} d5
{[%clk 0:25:26]} 3. exd5 {[%clk 0:25:26]} exd5 {[%clk 0:25:35]} 4. c4
{[%clk 0:25:30]} c6 {[%clk 0:25:40]} 5. h3 {[%clk 0:25:33]} Nf6 {[%clk 0:25:11]}
6. Nf3 {[%clk 0:25:28]} Bb4+ {[%clk 0:23:40]} 7. Nc3 {[%clk 0:25:13]} Ne4
{[%clk 0:23:29]} 8. Bd2 {[%clk 0:25:20]} Nxd2 {[%clk 0:22:16]} 9. Qxd2
{[%clk 0:25:23]} O-O {[%clk 0:21:52]} 10. Be2 {[%clk 0:25:23]} dxc4
{[%clk 0:21:29]} 11. Bxc4 {[%clk 0:25:29]} Re8+ {[%clk 0:21:37]} 12. Be2
{[%clk 0:25:37]} Bf5 {[%clk 0:19:44]} 13. O-O {[%clk 0:25:29]} Nd7
{[%clk 0:19:34]} 14. Rfe1 {[%clk 0:25:25]} Nf6 {[%clk 0:19:31]} 15. Rac1
{[%clk 0:24:42]} Ne4 {[%clk 0:16:52]} 16. Qf4 {[%clk 0:24:29]} Bg6
{[%clk 0:15:02]} 17. Bf1 {[%clk 0:22:21]} Bd6 {[%clk 0:12:10]} 18. Ne5
{[%clk 0:21:17]} Nxc3 {[%clk 0:11:45]} 19. bxc3 {[%clk 0:21:17]} Bxe5
{[%clk 0:09:59]} 20. Rxe5 {[%clk 0:21:12]} Rxe5 {[%clk 0:08:08]} 21. Qxe5
{[%clk 0:21:18]} Qe8 {[%clk 0:08:06]} 22. Qc7 {[%clk 0:20:16]} Qc8
{[%clk 0:08:15]} 23. Qe7 {[%clk 0:20:16]} Bf5 {[%clk 0:08:02]} 24. Bc4
{[%clk 0:20:15]} Bg6 {[%clk 0:06:43]} 25. d5 {[%clk 0:19:40]} b5 {[%clk 0:03:56]}
26. Bb3 {[%clk 0:19:48]} a5 {[%clk 0:03:59]} 27. a3 {[%clk 0:19:39]} cxd5
{[%clk 0:03:36]} 28. Bxd5 {[%clk 0:19:39]} Qd8 {[%clk 0:03:29]} 29. Qc5
{[%clk 0:18:54]} Rb8 {[%clk 0:03:22]} 30. Rd1 {[%clk 0:19:03]} Qc8
{[%clk 0:02:58]} 31. Qd4 {[%clk 0:19:04]} h6 {[%clk 0:02:59]} 32. Re1
{[%clk 0:18:51]} Qd8 {[%clk 0:03:05]} 33. Rd1 {[%clk 0:18:23]} Qb6
{[%clk 0:03:08]} 34. Qd2 {[%clk 0:17:23]} Re8 {[%clk 0:03:08]} 35. Bf3
{[%clk 0:17:14]} 1/2-1/2

[Event "MCR druzstev mladsich zaku 2016"]
[Site "Hradec Kralove"]
[Date "2016.06.12"]
[Round "4.14"]
[White "Nytra (BSS F-M \"B\"), Ondrej"]
[Black "Pilar (Polabiny B), Vit"]
[Result "1-0"]
[BlackElo "1553"]
[WhiteElo "1773"]
[LiveChessVersion "1.4.8"]

1. e4 {[%clk 0:25:19]} d5 {[%clk 0:25:19]} 2. exd5 {[%clk 0:25:26]} Qxd5
{[%clk 0:25:26]} 3. Nc3 {[%clk 0:25:35]} Qa5 {[%clk 0:25:32]} 4. d4
{[%clk 0:25:44]} Nf6 {[%clk 0:25:37]} 5. Nf3 {[%clk 0:25:48]} c6 {[%clk 0:25:41]}
6. Bd3 {[%clk 0:25:47]} Bg4 {[%clk 0:25:44]} 7. h3 {[%clk 0:25:53]} Bh5
{[%clk 0:25:47]} 8. Bd2 {[%clk 0:26:01]} Qc7 {[%clk 0:25:47]} 9. O-O
{[%clk 0:25:59]} Nbd7 {[%clk 0:25:47]} 10. Re1 {[%clk 0:26:05]} e6
{[%clk 0:25:50]} 11. Ne4 {[%clk 0:24:58]} Nxe4 {[%clk 0:25:38]} 12. Bxe4
{[%clk 0:24:36]} Nf6 {[%clk 0:25:30]} 13. Bd3 {[%clk 0:24:38]} Bd6
{[%clk 0:25:27]} 14. c4 {[%clk 0:24:31]} O-O {[%clk 0:25:22]} 15. Bg5
{[%clk 0:24:08]} Be7 {[%clk 0:25:18]} 16. Bc2 {[%clk 0:23:25]} Rad8
{[%clk 0:25:13]} 17. g4 {[%clk 0:22:27]} Bg6 {[%clk 0:25:11]} 18. Bxg6
{[%clk 0:22:35]} hxg6 {[%clk 0:25:09]} 19. Ne5 {[%clk 0:22:15]} Bc5
{[%clk 0:24:34]} 20. Nf3 {[%clk 0:21:18]} Qb6 {[%clk 0:24:18]} 21. dxc5
{[%clk 0:21:04]} Qxc5 {[%clk 0:23:29]} 22. Qc2 {[%clk 0:20:39]} Rd7
{[%clk 0:22:05]} 23. Be3 {[%clk 0:17:45]} Qe7 {[%clk 0:21:21]} 24. Ne5
{[%clk 0:17:29]} Rdd8 {[%clk 0:20:22]} 25. a3 {[%clk 0:16:50]} b5
{[%clk 0:20:01]} 26. Nxc6 {[%clk 0:16:29]} Qc7 {[%clk 0:19:36]} 27. Nxd8
{[%clk 0:16:26]} Rxd8 {[%clk 0:19:40]} 28. Rad1 {[%clk 0:16:30]} Rc8
{[%clk 0:19:39]} 29. c5 {[%clk 0:16:30]} Qb7 {[%clk 0:19:32]} 30. Rd3
{[%clk 0:15:33]} Qe4 {[%clk 0:18:48]} 31. g5 {[%clk 0:15:05]} Nd5
{[%clk 0:17:55]} 32. Bd2 {[%clk 0:14:46]} Qf5 {[%clk 0:17:12]} 33. b4
{[%clk 0:13:58]} Kh7 {[%clk 0:16:43]} 34. Qb3 {[%clk 0:13:12]} Rd8
{[%clk 0:16:10]} 35. Rf3 {[%clk 0:13:04]} Nf4 {[%clk 0:16:00]} 36. Bxf4
{[%clk 0:13:05]} e5 {[%clk 0:14:16]} 37. Rxe5 {[%clk 0:12:56]} Qc8
{[%clk 0:13:41]} 38. Qxf7 {[%clk 0:12:21]} Rf8 {[%clk 0:12:44]} 39. Qe6
{[%clk 0:11:45]} Qb7 {[%clk 0:12:00]} 40. Rd5 {[%clk 0:11:14]} a5
{[%clk 0:11:38]} 41. Qd7 {[%clk 0:10:51]} Qa8 {[%clk 0:11:06]} 42. Be5
{[%clk 0:10:55]} Rg8 {[%clk 0:11:01]} 43. Rf4 {[%clk 0:10:59]} Rf8 1-0

[Event "MCR druzstev mladsich zaku 2016"]
[Site "Hradec Kralove"]
[Date "2016.06.12"]
[Round "4.15"]
[White "Stocek (Polabiny B), Martin"]
[Black "Frank (BSS F-M \"B\"), Adam"]
[Result "1/2-1/2"]
[BlackElo "1815"]
[WhiteElo "1376"]
[LiveChessVersion "1.4.8"]

1. e4 e5 2. Nf3 Nc6 3. Bb5 a6 4. Bxc6 dxc6 5. Nc3 Bd6 6. O-O Nf6 7. d3 Bg4 8. h3
Bh5 9. Bg5 O-O 10. Re1 h6 11. Bh4 Re8 12. Bg3 Qd7 13. Nb1 c5 14. Nbd2 b5 15. c3
Rad8 16. Qc2 c6 17. d4 exd4 18. e5 dxc3 19. Qxc3 Nd5 20. Qc2 Bf8 21. Bh4 Be7 22.
Bxe7 Qxe7 23. Qf5 Bg6 24. Qg4 Nb4 25. e6 Nd3 26. exf7+ Qxf7 27. Rxe8+ Rxe8 28.
Nh4 Qxf2+ 29. Kh1 Qxd2 30. Qxg6 Re1+ 31. Rxe1 Qxe1+ 32. Kh2 Qxh4 33. Qe6+ Kf8 34.
Qf5+ Qf6 35. Qxd3 Qf4+ 36. Kh1 Qd4 37. Qf3+ Kg8 38. Qxc6 c4 39. Qxa6 1/2-1/2

[Event "MCR druzstev mladsich zaku 2016"]
[Site "Hradec Kralove"]
[Date "2016.06.12"]
[Round "4.16"]
[White "Odstrcil (BSS F-M \"B\"), Lukas"]
[Black "Juchelka (Polabiny B), Marek"]
[Result "1-0"]
[BlackElo "1343"]
[WhiteElo "1520"]
[LiveChessVersion "1.4.8"]

1. e4 {[%clk 0:25:27]} e5 {[%clk 0:25:27]} 2. Nf3 {[%clk 0:25:35]} Nc6
{[%clk 0:25:35]} 3. Bc4 {[%clk 0:25:45]} d6 {[%clk 0:25:39]} 4. c3
{[%clk 0:25:21]} Be7 {[%clk 0:25:45]} 5. Bb3 {[%clk 0:25:28]} Bg4
{[%clk 0:25:49]} 6. d3 {[%clk 0:25:32]} Nf6 {[%clk 0:25:55]} 7. O-O
{[%clk 0:25:40]} O-O {[%clk 0:26:02]} 8. Nbd2 {[%clk 0:25:30]} Nd7 9. Re1
{[%clk 0:25:19]} Kh8 {[%clk 0:25:37]} 10. Nf1 {[%clk 0:25:11]} f5
{[%clk 0:25:38]} 11. Ne3 {[%clk 0:22:49]} fxe4 {[%clk 0:25:25]} 12. dxe4
{[%clk 0:22:40]} Bxf3 {[%clk 0:25:30]} 13. gxf3 {[%clk 0:22:47]} Bh4
{[%clk 0:25:18]} 14. Qe2 {[%clk 0:21:45]} Qg5+ {[%clk 0:25:22]} 15. Ng2
{[%clk 0:20:51]} Qh5 {[%clk 0:24:59]} 16. Nxh4 {[%clk 0:20:23]} Qxh4
{[%clk 0:25:05]} 17. Kh1 {[%clk 0:20:23]} Qh5 {[%clk 0:25:01]} 18. Bd1
{[%clk 0:20:18]} Rf6 {[%clk 0:24:35]} 19. Rg1 {[%clk 0:19:56]} Raf8
{[%clk 0:24:19]} 20. Rg3 {[%clk 0:19:33]} Ne7 {[%clk 0:24:02]} 21. Bg5
{[%clk 0:18:36]} R6f7 {[%clk 0:23:47]} 22. Bxe7 {[%clk 0:18:31]} Rxe7
{[%clk 0:23:53]} 23. Bb3 {[%clk 0:18:10]} c5 {[%clk 0:23:43]} 24. a3
{[%clk 0:17:40]} a6 {[%clk 0:23:48]} 25. Rd1 {[%clk 0:16:52]} Qh6
{[%clk 0:23:39]} 26. Qd3 {[%clk 0:16:35]} b5 {[%clk 0:23:03]} 27. Qxd6
{[%clk 0:15:35]} Qxd6 {[%clk 0:23:04]} 28. Rxd6 {[%clk 0:15:43]} c4
{[%clk 0:23:12]} 29. Bd1 {[%clk 0:15:07]} Nc5 {[%clk 0:23:09]} 30. Bc2
{[%clk 0:15:07]} Rd7 {[%clk 0:23:00]} 31. Rxd7 {[%clk 0:14:38]} Nxd7
{[%clk 0:23:07]} 32. Kg1 {[%clk 0:14:46]} Nc5 {[%clk 0:23:16]} 33. Kf1
{[%clk 0:14:51]} Rd8 {[%clk 0:23:24]} 34. Ke2 {[%clk 0:14:46]} Kg8
{[%clk 0:23:19]} 35. Rg1 {[%clk 0:14:32]} Nd3 {[%clk 0:23:01]} 36. Bxd3
{[%clk 0:13:55]} cxd3+ {[%clk 0:23:09]} 37. Kd2 {[%clk 0:14:04]} Kf7
{[%clk 0:23:17]} 38. Re1 {[%clk 0:14:06]} Kg6 {[%clk 0:23:23]} 39. Re3
{[%clk 0:14:11]} Kg5 {[%clk 0:23:32]} 40. Rxd3 {[%clk 0:14:14]} Rxd3+
{[%clk 0:23:40]} 41. Kxd3 {[%clk 0:14:23]} Kh4 {[%clk 0:23:47]} 42. Ke3
{[%clk 0:14:08]} g5 {[%clk 0:23:48]} 43. b3 {[%clk 0:14:15]} Kh3 {[%clk 0:23:54]}
44. c4 {[%clk 0:14:23]} bxc4 {[%clk 0:23:58]} 45. bxc4 {[%clk 0:14:32]} Kxh2
{[%clk 0:24:06]} 46. c5 {[%clk 0:14:41]} h5 {[%clk 0:24:12]} 47. c6
{[%clk 0:14:50]} h4 {[%clk 0:24:21]} 48. c7 {[%clk 0:14:58]} h3 {[%clk 0:24:30]}
49. c8=Q {[%clk 0:15:06]} Kg2 {[%clk 0:24:35]} 50. Qg4+ {[%clk 0:15:07]} Kh2
{[%clk 0:24:43]} 51. Qg3+ {[%clk 0:15:02]} Kh1 {[%clk 0:24:48]} 52. Qxh3+
{[%clk 0:15:08]} Kg1 {[%clk 0:24:55]} 53. Qg4+ {[%clk 0:15:14]} Kh2
{[%clk 0:25:02]} 54. Qxg5 {[%clk 0:15:21]} Kh3 {[%clk 0:25:08]} 55. Ke2
{[%clk 0:15:29]} Kh2 {[%clk 0:25:15]} 56. Kf1 {[%clk 0:15:35]} Kh3
{[%clk 0:25:24]} 57. Qg3# {[%clk 0:15:32]} 1-0

[Event "MCR druzstev mladsich zaku 2016"]
[Site "Hradec Kralove"]
[Date "2016.06.12"]
[Round "4.17"]
[White "Trasakova (Polabiny B), Adela"]
[Black "Dudova (BSS F-M \"B\"), Pavlina"]
[Result "1/2-1/2"]
[BlackElo "1472"]
[WhiteElo "1161"]
[LiveChessVersion "1.4.8"]

1. d4 {[%clk 0:25:19]} d5 {[%clk 0:25:19]} 2. Nf3 {[%clk 0:25:27]} Nf6
{[%clk 0:25:27]} 3. Bf4 {[%clk 0:25:35]} Nbd7 {[%clk 0:25:25]} 4. e3
{[%clk 0:25:39]} e6 {[%clk 0:25:27]} 5. Bd3 {[%clk 0:25:36]} Be7 {[%clk 0:25:18]}
6. Nbd2 {[%clk 0:25:37]} O-O {[%clk 0:25:06]} 7. h3 {[%clk 0:25:37]} c5
{[%clk 0:23:12]} 8. c3 {[%clk 0:25:37]} c4 {[%clk 0:22:58]} 9. Bc2
{[%clk 0:25:43]} a6 {[%clk 0:20:58]} 10. O-O {[%clk 0:25:11]} b5 {[%clk 0:19:57]}
11. a3 {[%clk 0:25:15]} Nb6 {[%clk 0:18:56]} 12. Re1 {[%clk 0:24:18]} Bd6
{[%clk 0:17:52]} 13. Ne5 {[%clk 0:24:13]} Qc7 {[%clk 0:15:39]} 14. e4
{[%clk 0:23:00]} Nfd7 {[%clk 0:13:00]} 15. Nxd7 {[%clk 0:22:15]} Nxd7
{[%clk 0:12:59]} 16. Bxd6 {[%clk 0:21:50]} Qxd6 {[%clk 0:13:01]} 17. exd5
{[%clk 0:21:39]} exd5 {[%clk 0:13:06]} 18. Qh5 {[%clk 0:21:17]} Nf6
{[%clk 0:12:35]} 19. Qe5 {[%clk 0:21:03]} Qxe5 {[%clk 0:10:57]} 20. Rxe5
{[%clk 0:21:09]} Bd7 {[%clk 0:10:52]} 21. Rae1 {[%clk 0:19:54]} Rfe8
{[%clk 0:10:07]} 22. Bd1 {[%clk 0:19:47]} Re6 {[%clk 0:09:19]} 23. Bf3
{[%clk 0:19:37]} Rae8 {[%clk 0:08:16]} 24. Rxe6 {[%clk 0:19:13]} Rxe6
{[%clk 0:08:23]} 25. Rxe6 {[%clk 0:19:11]} Bxe6 {[%clk 0:08:30]} 26. Kh2
{[%clk 0:18:58]} h6 {[%clk 0:08:12]} 27. Kg3 {[%clk 0:18:56]} g5 {[%clk 0:08:12]}
28. h4 {[%clk 0:18:42]} Kg7 {[%clk 0:07:59]} 29. hxg5 {[%clk 0:18:15]} hxg5
{[%clk 0:07:59]} 30. Nf1 {[%clk 0:17:51]} Kg6 {[%clk 0:07:49]} 31. Nh2
{[%clk 0:17:21]} Nh5+ {[%clk 0:06:47]} 32. Bxh5+ {[%clk 0:17:14]} Kxh5
{[%clk 0:06:53]} 33. f3 {[%clk 0:16:57]} f5 {[%clk 0:06:11]} 34. f4
{[%clk 0:16:07]} g4 {[%clk 0:05:57]} 35. Kf2 {[%clk 0:16:04]} a5 {[%clk 0:05:58]}
36. g3 {[%clk 0:16:02]} Kg6 {[%clk 0:05:12]} 37. Ke3 {[%clk 0:15:52]} Kf7
{[%clk 0:05:19]} 38. Kd2 {[%clk 0:15:51]} Ke7 {[%clk 0:05:23]} 39. Kc2
{[%clk 0:15:52]} Kd6 {[%clk 0:05:08]} 40. b3 {[%clk 0:15:59]} Kc6
{[%clk 0:05:05]} 41. bxc4 {[%clk 0:15:44]} bxc4 {[%clk 0:05:11]} 42. a4
{[%clk 0:15:40]} Bd7 {[%clk 0:04:59]} 43. Kb2 {[%clk 0:15:36]} Kb6
{[%clk 0:04:54]} 44. Ka3 {[%clk 0:15:44]} Kc7 {[%clk 0:04:54]} 45. Nf1
{[%clk 0:14:45]} Kc6 {[%clk 0:04:57]} 46. Ne3 {[%clk 0:14:39]} Kd6
{[%clk 0:05:02]} 47. Nc2 {[%clk 0:14:31]} Bc6 {[%clk 0:04:58]} 1/2-1/2

[Event "MCR druzstev mladsich zaku 2016"]
[Site "Hradec Kralove"]
[Date "2016.06.12"]
[Round "4.18"]
[White "Vasinek (BSS F-M \"B\"), Martin"]
[Black "Vobornik (Polabiny B), Jiri"]
[Result "1-0"]
[BlackElo "1190"]
[WhiteElo "1425"]
[LiveChessVersion "1.4.8"]

1. e4 {[%clk 0:25:17]} d5 {[%clk 0:25:19]} 2. exd5 {[%clk 0:25:24]} Qxd5
{[%clk 0:25:28]} 3. Nc3 {[%clk 0:25:31]} Qe5+ {[%clk 0:25:37]} 4. Be2
{[%clk 0:25:36]} Nf6 {[%clk 0:25:43]} 5. Nf3 {[%clk 0:25:45]} Qa5
{[%clk 0:25:51]} 6. d4 {[%clk 0:25:48]} e6 {[%clk 0:25:58]} 7. Bd2
{[%clk 0:25:48]} Bb4 {[%clk 0:26:04]} 8. a3 {[%clk 0:25:42]} Bxc3
{[%clk 0:26:11]} 9. Bxc3 {[%clk 0:25:49]} Qd5 {[%clk 0:26:16]} 10. O-O
{[%clk 0:25:26]} Ne4 {[%clk 0:26:14]} 11. Qd3 {[%clk 0:25:19]} Nxc3
{[%clk 0:26:10]} 12. Qxc3 {[%clk 0:25:24]} Nc6 {[%clk 0:26:18]} 13. Rfe1
{[%clk 0:25:26]} O-O {[%clk 0:26:20]} 14. Bc4 {[%clk 0:25:23]} Qf5
{[%clk 0:26:27]} 15. Ne5 {[%clk 0:25:17]} Nxe5 {[%clk 0:26:17]} 16. Rxe5
{[%clk 0:25:23]} Qg4 {[%clk 0:26:19]} 17. Rae1 {[%clk 0:25:04]} Bd7
{[%clk 0:26:26]} 18. f3 {[%clk 0:24:59]} Qg6 {[%clk 0:26:13]} 19. Bd3
{[%clk 0:25:04]} Qf6 {[%clk 0:26:19]} 20. Qd2 {[%clk 0:23:57]} Bc6
{[%clk 0:26:22]} 21. c3 {[%clk 0:23:30]} Qe7 {[%clk 0:26:30]} 22. Qc2
{[%clk 0:23:32]} f5 {[%clk 0:26:35]} 23. Rxe6 {[%clk 0:23:38]} Qg5
{[%clk 0:26:40]} 24. Qf2 {[%clk 0:23:25]} Kf7 {[%clk 0:26:20]} 25. Bc4
{[%clk 0:23:29]} Bd7 {[%clk 0:26:13]} 26. Rc6+ {[%clk 0:23:08]} Kg6
{[%clk 0:26:19]} 27. Rce6+ Kf7 28. Rc6+ {[%clk 0:23:06]} Be6 {[%clk 0:26:20]} 29.
Rcxe6 {[%clk 0:23:09]} g6 {[%clk 0:26:23]} 30. Re7+ {[%clk 0:23:08]} Kf6
{[%clk 0:26:30]} 31. R1e6# {[%clk 0:22:58]} 1-0